000
00342nam a2200133Ia 4500
008
210716s1996 xx 000 0 und d
041
_a
eng
082
_a
382.9143 WATP
100
_a
waterhouse, Price.
245
_a
Doing business in Malawi.
260
_a
U S A
_b
Price waterhouse
_c
1996
300
_a
124
650
_a
International Business
999
_c
199054
_d
199054